Cape Town in the twentieth century : an illustrated social history (Record no. 195079)

MARC details
000 -LEADER
fixed length control field 00324nam a2200097Ia 4500
082 ## - DEWEY DECIMAL CLASSIFICATION NUMBER
Classification number 968.7355 BICK
008 - FIXED-LENGTH DATA ELEMENTS--GENERAL INFORMATION
fixed length control field 210817s9999 xx 000 0 und d
100 ## - MAIN ENTRY--PERSONAL NAME
Personal name BICKFORD-SMITH, Vivian Claremont, South Africa, 1999
9 (RLIN) 61836
245 #0 - TITLE STATEMENT
Title Cape Town in the twentieth century : an illustrated social history
942 ## - ADDED ENTRY ELEMENTS
item type Books
Holdings
Withdrawn status Lost status Damaged status Not for loan Home library Current library Date acquired Cost, normal purchase price Total Checkouts Barcode Date last seen Price effective from item type
        Bethal Bethal 18.08.2021 251.00   33228015748195 18.08.2021 18.08.2021 Books